Responses for Show #6354 - Thursday, April 12, 2012

Contestants

[<< previous game]

Megan Davenport, an administrative coordinator and graduate student from Ruston, Louisiana

Judy Nichols, a mystery writer from Wilmington, North Carolina

Sean Hansen, an assistant professor of management information systems originally from Cleveland, Ohio (whose 1-day cash winnings total $30,001)

[next game >>]

Jeopardy! Round responses

CASHMERE
NOVEL VOCABULARY
REVOLUTION
INTERVIEWING THE INTERVIEWER
WOMEN ON TV
A STATE OF...
    $200 26
goat

Megan
    $200 6
Dickens

Sean
    $200 1
Mexico

Sean
    $200 21
Larry King

Megan
    $200 11
the Deschanel sisters

Sean
    $200 16
(Sean: What is disaster?)

emergency

SeanJudy
    $400 7
hair

Megan
    $400 2
the Industrial Revolution

Judy
    $400 22
The View

Megan
    $400 12
Kelly Ripa

Megan
    $400 17
State of the Union Address

Sean
    $600 8
(Henry) Fielding

Sean
    $600 3
(Judy: What is Tunisia?)

Egypt

SeanJudy
    $600 23
(Tim) Russert

Judy
    $600 13
(Kristen) Wiig

Sean
    $600 18
a state of grace

Judy
    $800 28
(Megan: What is Tibet?)
[The end-of-round signal sounds.]

Mongolia

Megan
Triple Stumper
    $800 9
Wuthering Heights

Judy
    $800 4
Mao

Sean
    $2,000 24
(Alex: Right. Less than a minute to go now.)

David Frost

Judy
    $800 14
Sofia Vergara

Sean
    $800 19
shock

Sean
    $1000 27
John Singer Sargent

Triple Stumper
    $1000 10
madding (in Far from the Madding Crowd)

Sean
    $1000 5
Benedict Arnold

Triple Stumper
    $1000 25
Chris Wallace (his son)

Sean
    $1000 15
Robin Roberts

Sean
    $1000 20
state of the art

Judy

Scores at the first commercial break (after clue 15):

Sean Judy Megan
$6,000 $600 $800

Scores at the end of the Jeopardy! Round:

Sean Judy Megan
$8,000 $5,000 $800

Double Jeopardy! Round responses

MERE CASH
GEOLOGY
SONGS FROM MOVIES
(Alex: The correct response will appear within a word in the clue in...)
WORDS WITHIN WORDS
POLAR EXPLORATION
WITHOUT MY PARTNER
(Alex: Each response will be half of a famous duo.)
    $400 1
the $20 bill

Judy
    $400 6
the Andes

Sean
    $400 7
The Sting

Judy
    $400 17
tuna (in fortunate)

Sean
    $400 12
(Megan: Who is Ben Bradlee?)

Bob Woodward

SeanMegan
    $800 2
the Declaration of Independence

Judy
    $800 27
a tar pit

Sean
    $800 8
The Lion King

Megan
    $800 18
bar (in embarass)

Megan
    $800 13
(Arthur) Sullivan

Judy
    $1200 3
the American eagle

Sean
    $1200 26
sea level

Megan
    $1200 9
Yankee Doodle Dandy

Judy
    $1200 19
red (in credit)

Sean
    $1200 28
[The end-of-round signal sounds.]

Greenland

Sean
    $1200 14
Clyde Barrow

Judy
    $1600 4
Jamestown

Megan
    $1600 25
(Megan: What is lava?)
...
(Alex: Lava comes out of the ground. [*] stays down there.)

magma

Megan
Triple Stumper
    $1600 10
Dr. Strangelove or: How I Learned to Stop Worrying and Love the Bomb

Triple Stumper
    $1600 20
lie (in believable)

Megan
    $4,800 23
(Alex: Good. With a minute to go now.)

(James) Ross

Megan
    $3,000 15
(James) Watson

Judy
    $2000 5
George Washington

Triple Stumper
    $2000 24
stratification

Megan
    $2000 11
M*A*S*H

Sean
    $2000 21
rough (in drought)

Megan
    $2000 22
Roald Amundsen

Triple Stumper
    $2000 16
Samuel Price (of Price Waterhouse)

Triple Stumper

Scores at the end of the Double Jeopardy! Round:

Sean Judy Megan
$15,600 $12,800 $13,600

[wagering suggestions for these scores]

Final Jeopardy! Round responses

SHAKESPEARE'S PLAYS
JudyWhat is All's well That Ends Well?
$12,500
MeganWhat is All's Well that Ends Well? Hi Mom + Brian!
$10,000
SeanWhat is
$11,601
All's Well That Ends Well

Final scores:

Sean Judy Megan
$3,999 $25,300 $23,600
3rd place: $1,000 New champion: $25,300 2nd place: $2,000

Game dynamics:

Coryat scores:

Sean Judy Megan
$15,600 $10,200 $10,400
21 R,
1 W
14 R
(including 2 DDs),
1 W
13 R
(including 1 DD),
3 W

Combined Coryat: $36,200

[game clues] [game scores] [suggest correction]

Game tape date: 2011-12-14
The J! Archive is created by fans, for fans. Scraping, republication, monetization, and malicious use prohibited; this site may use cookies and collect identifying information. See terms. The Jeopardy! game show and all elements thereof, including but not limited to copyright and trademark thereto, are the property of Jeopardy Productions, Inc. and are protected under law. This website is not affiliated with, sponsored by, or operated by Jeopardy Productions, Inc. Join the discussion at JBoard.tv.